书目信息 |
| 题名: |
后现代心理咨询概要
|
|
| 作者: | 石国兴 , 杨绍清 , 张冬梅 著 | |
| 分册: | ||
| 出版信息: | 北京 北京师范大学出版社 2016 |
|
| 页数: | 338页 | |
| 开本: | 24cm | |
| 丛书名: | 注目变革·现代教育变革系列研究丛书 | |
| 单 册: | ||
| 中图分类: | B849.1 | |
| 科图分类: | ||
| 主题词: | 心理咨询--xin li zi xun | |
| 电子资源: | ||
| ISBN: | 978-7-303-19989-1 | |
| 000 | 01379nam0 22002771 450 | |
| 001 | 1754465715 | |
| 005 | 20170516112211.0 | |
| 010 | @a978-7-303-19989-1@dCNY45.00 | |
| 100 | @a20160513d2016 em y0chiy50 ea | |
| 101 | 0 | @achi |
| 102 | @aCN@b110000 | |
| 105 | @ay z 000yy | |
| 106 | @ar | |
| 200 | 1 | @a后现代心理咨询概要@9hou xian dai xin li zi xun gai yao@f石国兴,杨绍清,张冬梅著 |
| 210 | @a北京@c北京师范大学出版社@d2016 | |
| 215 | @a338页@d24cm | |
| 225 | 2 | @a注目变革·现代教育变革系列研究丛书@9zhu mu bian ge xian dai jiao yu bian ge xi lie yan jiu cong shu |
| 330 | @a本书分为三编。第一编为总论,旨在为焦点解决短期心理咨询和叙事心理咨询进行理论奠基;第二编和第三编分别为焦点解决解决短期心理咨询和叙事心理咨询,旨在从理念和实务相结合角度,对这两个流派的基本主张、基本操行步骤、方法进行介绍。为了便于读者理解两大流派的要旨并尽可能地应用于实际咨询情境,在对学界有关理论成果或观点加以综合介绍的同时,还引用了大量的实景式的对话和案例,以便读者既在理论和理念上感到“明白”,又在实践和操作上觉得“可行”,从而真正掌握后现代心理咨询的精髓。 | |
| 461 | 0 | @12001 @a注目变革·现代教育变革系列研究丛书 |
| 606 | 0 | @a心理咨询@9xin li zi xun |
| 690 | @aB849.1@v5 | |
| 701 | 0 | @a石国兴@9shi guo xing@f(1957~)@4著 |
| 701 | 0 | @a杨绍清@9yang shao qing@4著 |
| 701 | 0 | @a张冬梅@9zhang dong mei@4著 |
| 801 | 0 | @aCN@b百万庄@c20170512 |
| 905 | @b1005000-5@dB849.1@e1708@f6 | |
| 后现代心理咨询概要/石国兴,杨绍清,张冬梅著.-北京:北京师范大学出版社,2016 |
| 338页;24cm.-(注目变革·现代教育变革系列研究丛书) |
| ISBN 978-7-303-19989-1:CNY45.00 |
| 本书分为三编。第一编为总论,旨在为焦点解决短期心理咨询和叙事心理咨询进行理论奠基;第二编和第三编分别为焦点解决解决短期心理咨询和叙事心理咨询,旨在从理念和实务相结合角度,对这两个流派的基本主张、基本操行步骤、方法进行介绍。为了便于读者理解两大流派的要旨并尽可能地应用于实际咨询情境,在对学界有关理论成果或观点加以综合介绍的同时,还引用了大量的实景式的对话和案例,以便读者既在理论和理念上感到“明白”,又在实践和操作上觉得“可行”,从而真正掌握后现代心理咨询的精髓。 |
| ● |
| 相关链接 |
|
|
|
|
正题名:后现代心理咨询概要
索取号:B849.1/1708
 
预约/预借
| 序号 | 登录号 | 条形码 | 馆藏地/架位号 | 状态 | 备注 |
| 1 | 1005000 | 210050004 | 第一样本阅览室/ [索取号:B849.1/1708] | 在馆 | |
| 2 | 1005001 | 210050013 | 教育系资料室/ [索取号:B849.1/1708] | 在馆 | |
| 3 | 1005002 | 210050022 | 教育系资料室/ [索取号:B849.1/1708] | 在馆 | |
| 4 | 1005003 | 210050031 | 教育系资料室/ [索取号:B849.1/1708] | 在馆 | |
| 5 | 1005004 | 210050040 | 第一借阅区/ [索取号:B849.1/1708] | 在馆 | |
| 6 | 1005005 | 210050059 | 第一借阅区/ [索取号:B849.1/1708] | 在馆 |